Normal view
MARC view
Entry Personal Name
001 - CONTROL NUMBER
- control field: 12926
003 - CONTROL NUMBER IDENTIFIER
- control field: ARRUPE
005 - DATE AND TIME OF LATEST TRANSACTION
- control field: 20141201145704.0
008 - FIXED-LENGTH DATA ELEMENTS
- fixed length control field: 141201|| aca||aabn | a|a d
040 ## - CATALOGING SOURCE
- Original cataloging agency: ARRUPE
- Transcribing agency: ARRUPE
100 ## - HEADING--PERSONAL NAME
- Personal name: Elder, E. Rozanne
- Fuller form of name: (Ellen Rozanne),
- Dates associated with a name: 1940-
670 ## - SOURCE DATA FOUND
- Source citation: Work cat.: (ARRUPE)0: Waddell, Chrysogonus. 12918, Praise no less than charity :, c2002.